| 000 | 01542cam a22003974i 4500 | ||
|---|---|---|---|
| 999 |
_c7972 _d7972 |
||
| 001 | 17733730 | ||
| 003 | OSt | ||
| 005 | 20200124150922.0 | ||
| 008 | 130510s2011 ii a 001 0 eng | ||
| 010 | _a 2012455086 | ||
| 020 | _a9780198070733 | ||
| 020 | _a019807073X | ||
| 040 |
_aDLC _beng _coclc _erda _dDLC |
||
| 042 | _apcc | ||
| 050 | 0 | 0 |
_aHD58.7 _b.P374 2011 |
| 082 |
_a658.0091724 _bPAR/U |
||
| 100 |
_aPareek, Udai Narain _d1925- _91520 |
||
| 245 | 1 | 0 |
_aUnderstanding organizational behaviour / _cUdai Pareek ; revised and updated by Sushama Khanna. |
| 250 | _a3rd ed. | ||
| 264 | 1 |
_aNew Delhi, India : _bOxford University Press, _c2011. |
|
| 264 | 3 | _c2012 | |
| 300 |
_axviii, 753 pages : _billustrations ; _c24 cm. |
||
| 336 |
_atext _2rdacontent |
||
| 337 |
_aunmediated _2rdamedia |
||
| 338 |
_avolume _2rdacarrier |
||
| 500 | _aIncludes bibliographical references and index. | ||
| 650 | 0 | _aOrganizational behavior. | |
| 650 | 0 | _aCorporate culture. | |
| 700 | 1 |
_aKhanna, Sushama, _eauthor. |
|
| 856 | 4 | 2 |
_3Contributor biographical information _uhttp://www.loc.gov/catdir/enhancements/fy1312/2012455086-b.html |
| 856 | 4 | 2 |
_3Publisher description _uhttp://www.loc.gov/catdir/enhancements/fy1312/2012455086-d.html |
| 856 | 4 | 1 |
_3Table of contents only _uhttp://www.loc.gov/catdir/enhancements/fy1312/2012455086-t.html |
| 906 |
_a7 _bcbc _corigres _d2 _encip _f20 _gy-gencatlg |
||
| 942 |
_2ddc _cBK _h658.0091724 _iPAR/U _k658.0091724 _mPAR/U |
||